Wojna w Afganistanie - uczestnicy - Statystyki

Ogólne statystyki
  • Ten quiz został rozwiązany 736 razy
  • Średni wynik to 6 z 11
Statystyki odpowiedzi
Państwa % Poprawnych
Stany Zjednoczone
97%
Chiny
82%
Indie
75%
Pakistan
75%
Wielka Brytania
73%
ZSRR
61%
Afganistan
60%
Arabia Saudyjska
45%
Egipt
33%
NRD
17%
RFN
17%
Nie znaleziono quizów pasujących do podanych kryteriów
Rozkład punktacji
Procent ludzi z każdym wynikiem
Percentyl według liczby udzielonych odpowiedzi
Twoja historia wyników
Nie rozwiązałeś tego quizu